banner koha

Óleo essencial de Baccharis trimera (Less.) DC. sobre o potencial fisiológico de sementes de feijão caupi (Registro n. 298950)

MARC details
000 -LÍDER
fixed length control field 03304nab a2200313 i 4500
003 - CÓDIGO MARC DA AGÊNCIA CATALOGADORA
Campo de controle BR-BrBNA
005 - DATA E HORA DA ÚLTIMA ATUALIZAÇÃO
Campo de controle 20240327130500.0
008 - CAMPO DE TAMANHO FIXO
fixed length control field 240327b2012 bl.qr|pooa||| 00| 0 por |
040 ## - FONTE DA CATALOGAÇÃO
Agência catalogadora BR-BrBNA
Idioma da catalogação por
072 ## - CATEGORIA AGRIS
Código AGRIS F03
100 ## - ENTRADA PRINCIPAL - NOME PESSOAL
Nome pessoal Xavier, M.V.A.
100 ## - ENTRADA PRINCIPAL - NOME PESSOAL
Nome pessoal Brito, S.S.S.
100 ## - ENTRADA PRINCIPAL - NOME PESSOAL
Nome pessoal Oliveira, C.R.F.
100 ## - ENTRADA PRINCIPAL - NOME PESSOAL
Nome pessoal Matos, C.H.C.
100 ## - ENTRADA PRINCIPAL - NOME PESSOAL
Nome pessoal Pinto, M.A.D.S.C.
245 ## - TÍTULO PRINCIPAL
Título principal Óleo essencial de Baccharis trimera (Less.) DC. sobre o potencial fisiológico de sementes de feijão caupi
500 ## - NOTA GERAL
Nota geral Publicação on-line; 22 ref.; 2 tables; 1 illus.; Summaries (En, Pt)
942 ## - ADDED ENTRY ELEMENTS (KOHA)
Koha item type
520 ## - NOTA DE RESUMO
Nota de conteúdo <br/>RESUMO: <br/><br/>O presente trabalho teve como objetivo avaliar o efeito alelopático do óleo essencial de<br/>plantas de carqueja, Baccharis trimera (Less.) DC., sobre a germinação de sementes de feijão<br/>Vigna unguiculata (L.) Walp. Foi avaliado o efeito do óleo essencial de B. trimera sobre V.<br/>unguiculata nas dosagens 20 µL, 15 µL, 10 µL, 5 µL e testemunha. A qualidade fisiológica das<br/>sementes foi determinada pela porcentagem de emergência, velocidade de emergência e índice<br/>de velocidade de emergência. O delineamento experimental foi o inteiramente casualizado, em<br/>esquema fatorial 5 x 2 com cinco repetições. Não foi observado efeito inibidor do óleo essencial<br/>de B. trimera na germinação de sementes de feijão caupi, caracterizando-se como de efeito<br/>alelopático benéfico. De acordo com os resultados obtidos, o óleo essencial de B. trimera revelouse <br/>eficiente na manutenção da viabilidade dessas sementes.<br/><br/>Palavras-chave: Vigna unguiculata, Baccharis trimera, óleo essencial, potencial alelopático,<br/>viabilidade de sementes
520 ## - NOTA DE RESUMO
Nota de conteúdo <br/>ABSTRACT: <br/><br/>The essential oil effects of Baccharis trimera (Less.) DC. on the physiological<br/>potential of cowpea bean seeds. This research aimed to evaluate the allellopathic effect of<br/>essential oils of the Baccharis trimera (Less.) DC. plants on the seeds germination of cowpea<br/>Vigna unguiculata (L.) Walp. The effect of B. trimera essential oil on V. unguiculata was evaluated<br/>at levels of 20 µL, 15 µL, 10 µL, 5 µL and control. The physiologic quality of the seeds was<br/>determined by percentage emergence, the rate of speed emergence and speed emergence index.<br/>The data analysis was carried out using an entirely randomized design, in a 5 x 2 factorial scheme<br/>with five repetitions. An inhibitory effect of B. trimera essential oil on bean seeds germination was<br/>not observed, which is characterized as a beneficial allelopathic effect. Based on the results, the<br/>B. trimera essential oil proved efficient in the viability maintenance of these seeds.<br/><br/>Key words: Vigna unguiculata, Baccharis trimera, essential oil, allellopathic potential, seeds<br/>viability
650 ## - ASSUNTO - THESAGRO
Cabeçalho tópico ou nome geográfico VIGNA UNGUICULATA
650 ## - ASSUNTO - THESAGRO
Cabeçalho tópico ou nome geográfico BACCHARIS
650 ## - ASSUNTO - THESAGRO
Cabeçalho tópico ou nome geográfico ÓLEO ESSENCIAL
650 ## - ASSUNTO - THESAGRO
Cabeçalho tópico ou nome geográfico ALELOPATIA
650 ## - ASSUNTO - THESAGRO
Cabeçalho tópico ou nome geográfico SEMENTE
773 0# - ENTRADA ANALÍTICA
Host Biblionumber 3543
Registro do item 313993
Imprenta Botucatu-SP Instituto de Biociências - Departamento de Química e Bioquímica 1998
Outro identificador 2024-0261
Título Revista Brasileira de Plantas Medicinais (Brazil)
ISSN 1516-0572
Colação v. 14(special number) p. 214-217; (2012)
Número de controle de registro BR2024000407
856 ## - ACESSO E ENDEREÇO ELETRÔNICO
Identificador uniforme de recurso - URI https://www.scielo.br/j/rbpm/a/dcjTCy8HPSfsN6s5YMWjYgJ/?format=pdf&lang=pt

Nenhum exemplar disponível.

BINAGRI

Telefone: (61)3218-2567/2388/3357/2097 - binagri@agro.gov.br

Ministério da Agricultura e Pecuária , Esplanada dos Ministérios, Bloco D, Anexo B, Brasília/DF, CEP: 70.043-900